[Event "Frankfurt-chA"]
[Site "Frankfurt"]
[Date "2022.05.23"]
[Round "5"]
[White "Oezyar, Arin"]
[Black "Cichon, Joerg"]
[Result "1/2-1/2"]
[WhiteElo "1344"]
[BlackElo "1725"]
[PlyCount "54"]
[EventDate "2022.04.25"]
[EventType "swiss"]
[EventRounds "7"]
[EventCountry "GER"]
[SourceTitle "EXT 2023"]
[Source "ChessBase"]
[SourceDate "2022.10.05"]
[SourceVersion "1"]
[SourceVersionDate "2022.10.05"]
[SourceQuality "1"]

1. d4 Nf6 2. Nc3 d5 3. Bf4 c6 4. e3 g6 5. Nf3 Bg7 6. Bd3 a6 7. 0-0 0-0 8. Ne2 Nbd7 9. c4 dxc4 10. Bxc4 Nh5 11. Bg5 Nb6 12. Bb3 Nf6 13. Nc3 h6 14. Bh4 Bf5 15. Re1 g5 16. Bg3 Ne4 17. Be5 e6 18. Bc2 Nxc3 19. bxc3 Bxc2 20. Qxc2 Nc4 21. Bxg7 Kxg7 22. e4 f6 23. Qb3 b5 24. e5 f5 25. Red1 Qd5 26. Nd2 Nxd2 27. Rxd2 Qd7 1/2-1/2

[Event "Wiesbaden op 31st"]
[Site "Wiesbaden"]
[Date "2019.08.23"]
[Round "2"]
[White "Cichon, Joerg"]
[Black "Stork, Christopher"]
[Result "1/2-1/2"]
[WhiteElo "1711"]
[BlackElo "1905"]
[PlyCount "120"]
[EventDate "2019.08.22"]
[EventType "swiss"]
[EventRounds "7"]
[EventCountry "GER"]
[SourceTitle "EXT 2020"]
[Source "ChessBase"]
[SourceDate "2019.10.17"]
[SourceVersion "1"]
[SourceVersionDate "2019.10.17"]
[SourceQuality "1"]

1. e4 c5 2. Nf3 e6 3. d3 Nc6 4. g3 Nf6 5. Bg2 Be7 6. 0-0 d5 7. Nbd2 0-0 8. Re1 Qc7 9. Qe2 b6 10. c3 Ba6 11. e5 Nd7 12. Nf1 Rfd8 13. Bf4 Nf8 14. Qc2 Ng6 15. Rac1 Rac8 16. d4 Nxf4 17. gxf4 cxd4 18. cxd4 Qb7 19. Qb1 Nb4 20. Rxc8 Rxc8 21. Rd1 Rc7 22. Ne3 Qc8 23. Bf1 Bxf1 24. Nxf1 Qa6 25. a3 Qe2 26. Kg2 Nc6 27. Ne3 Na5 28. Rd2 Qb5 29. Rc2 Nc4 30. Nxc4 Rxc4 31. Qc1 Qc6 32. Ne1 g6 33. Kg3 b5 34. Rxc4 dxc4 35. Qc3 Bd8 36. Qf3 Qd7 37. Qc3 Bb6 38. Nc2 Qd5 39. f3 a5 40. Kg2 Kf8 41. Kg3 Ke7 42. Kg2 Kd7 43. Kg3 Kc7 44. Kg2 Kb7 45. Kg3 Ka6 46. Kg2 Qd8 47. Kg3 h6 48. Qe3 Qe7 49. Qe4 Qb7 50. Qe3 Qd7 51. Qe4 Qb7 52. Qe3 Ka7 53. Qe4 Qd7 54. Qe3 h5 55. h4 Qe7 56. Qe1 Bd8 57. Kh3 Ka6 58. Qf2 Bb6 59. Qe1 Qd7 60. Qe4 Qb7 1/2-1/2

[Event "Wiesbaden op 30th"]
[Site "Wiesbaden"]
[Date "2018.08.25"]
[Round "4"]
[White "Schmitt, Carsten1"]
[Black "Cichon, Joerg"]
[Result "1-0"]
[WhiteElo "1992"]
[BlackElo "1776"]
[PlyCount "41"]
[EventDate "2018.08.23"]
[EventType "swiss"]
[EventRounds "7"]
[EventCountry "GER"]
[SourceTitle "CBM 186 Extra"]
[Source "ChessBase"]
[SourceDate "2018.08.24"]
[SourceVersion "1"]
[SourceVersionDate "2018.08.24"]
[SourceQuality "1"]

1. c4 Nf6 2. g3 g6 3. Bg2 Bg7 4. Nc3 c5 5. e4 Nc6 6. Nge2 e5 7. d3 d6 8. 0-0 0-0 9. h3 h6 10. f4 Nh7 11. f5 g5 12. Be3 Bd7 13. Nd5 f6 14. Bf3 Be8 15. Nec3 a6 16. Rf2 Nd4 17. Bg4 b5 18. Rh2 b4 19. Bh5 Bxh5 20. Qxh5 Nc2 21. Rxc2 1-0

[Event "Berlin-ch Seniors op 34th"]
[Site "Berlin"]
[Date "2018.02.02"]
[Round "4"]
[White "Cichon, Joerg"]
[Black "Klevenow, Ursula"]
[Result "1/2-1/2"]
[WhiteElo "1815"]
[BlackElo "1634"]
[PlyCount "41"]
[EventDate "2018.01.30"]
[EventType "swiss"]
[EventRounds "9"]
[EventCountry "GER"]
[SourceTitle "EXT 2020"]
[Source "ChessBase"]
[SourceDate "2019.10.17"]
[SourceVersion "1"]
[SourceVersionDate "2019.10.17"]
[SourceQuality "1"]

1. c4 Nf6 2. Nc3 e6 3. g3 d5 4. cxd5 exd5 5. d4 Be7 6. Bg2 c6 7. Nf3 0-0 8. 0-0 Be6 9. h3 Nbd7 10. Qc2 Ne8 11. Bf4 Bd6 12. Bxd6 Nxd6 13. Kh2 Bf5 14. Qb3 Rb8 15. Nh4 Qf6 16. Nxf5 Nxf5 17. e3 Qd6 18. Qc2 g6 19. Ne2 Nf6 20. Qc5 a6 21. Qxd6 1/2-1/2

[Event "Hofheim Spring op-B 5th"]
[Site "Hofheim"]
[Date "2017.04.10"]
[Round "7"]
[White "Cichon, Joerg"]
[Black "Meyer Jany, Marcel"]
[Result "1-0"]
[WhiteElo "1891"]
[BlackElo "1682"]
[PlyCount "127"]
[EventDate "2017.04.07"]
[EventType "swiss"]
[EventRounds "9"]
[EventCountry "GER"]
[SourceTitle "CBM 178 Extra"]
[Source "ChessBase"]
[SourceDate "2017.06.22"]
[SourceVersion "1"]
[SourceVersionDate "2017.06.22"]
[SourceQuality "1"]

1. e4 c6 2. d4 d5 3. Nc3 dxe4 4. Nxe4 Bf5 5. Ng3 Bg6 6. Nf3 Nd7 7. Bd3 Bxd3 8. Qxd3 Ngf6 9. h3 e6 10. 0-0 Bd6 11. Ne2 Qc7 12. c4 0-0 13. c5 Be7 14. Bf4 Qd8 15. Rfd1 Nd5 16. Bg3 b6 17. cxb6 Qxb6 18. a3 Rfd8 19. Qc2 Rac8 20. Ne5 c5 21. Nxd7 Rxd7 22. b4 c4 23. Nf4 Nxf4 24. Bxf4 Rxd4 25. Be3 Rxd1+ 26. Rxd1 Qc6 27. Bd4 a5 28. b5 Qxb5 29. Rb1 Qd5 30. Qc3 f6 31. Qe3 e5 32. Bc3 Bc5 33. Qc1 Bd4 34. Qd2 Qc5 35. a4 Bxc3 36. Qxc3 Rd8 37. Rb5 Rd1+ 38. Kh2 Qd4 39. Qf3 c3 40. Rb8+ Kf7 41. Qh5+ Ke6 42. Re8+ Kd7 43. Qf7+ Kd6 44. Rd8+ Kc5 45. Rxd4 exd4 46. Qh5+ Kc4 47. Qxd1 d3 48. Kg3 c2 49. Qd2 Kb3 50. Qxd3+ Kb2 51. Qb5+ Ka1 52. Qxa5 c1Q 53. Qb4 Qc7+ 54. Qf4 Qc3+ 55. Qe3 Qc7+ 56. Qf4 Qc3+ 57. Kh2 Ka2 58. Qe3 Qc7+ 59. g3 Ka1 60. Qa3+ Kb1 61. Qb3+ Ka1 62. a5 Qa7 63. Qd3 Ka2 64. Qd5+ 1-0

[Event "Berlin-ch Seniors op 33rd"]
[Site "Berlin"]
[Date "2017.02.07"]
[Round "7"]
[White "Cichon, Joerg"]
[Black "Wolf, Manfred"]
[Result "1/2-1/2"]
[WhiteElo "1888"]
[BlackElo "2024"]
[PlyCount "55"]
[EventDate "2017.01.31"]
[EventType "swiss"]
[EventRounds "9"]
[EventCountry "GER"]
[SourceTitle "EXT 2019"]
[Source "ChessBase"]
[SourceDate "2018.10.10"]
[SourceVersion "1"]
[SourceVersionDate "2018.10.10"]
[SourceQuality "1"]

1. e4 d6 2. Nf3 Nf6 3. d3 g6 4. g3 Bg7 5. Bg2 0-0 6. 0-0 c6 7. c3 Nbd7 8. Re1 Qc7 9. d4 e5 10. dxe5 dxe5 11. Qc2 b6 12. c4 Nc5 13. Nc3 Be6 14. Be3 Ncd7 15. b3 h6 16. Rad1 Ng4 17. Bc1 f5 18. h3 Ngf6 19. Ba3 Nc5 20. Bxc5 bxc5 21. Nh4 fxe4 22. Nxe4 Nxe4 23. Qxe4 Qf7 24. Qxg6 Qxf2+ 25. Kh2 Rf6 26. Rf1 Rxg6 27. Rxf2 Rf6 28. Rdf1 1/2-1/2

[Event "Berlin-ch Seniors op 33rd"]
[Site "Berlin"]
[Date "2017.02.02"]
[Round "3"]
[White "Cichon, Joerg"]
[Black "Federau, Juergen"]
[Result "0-1"]
[WhiteElo "1888"]
[BlackElo "2084"]
[PlyCount "118"]
[EventDate "2017.01.31"]
[EventType "swiss"]
[EventRounds "9"]
[EventCountry "GER"]
[SourceTitle "EXT 2019"]
[Source "ChessBase"]
[SourceDate "2018.10.10"]
[SourceVersion "1"]
[SourceVersionDate "2018.10.10"]
[SourceQuality "1"]

1. e4 c5 2. Nf3 d6 3. g3 Nc6 4. Bg2 g6 5. d3 Bg7 6. c3 e5 7. Na3 Nge7 8. Nc2 d5 9. exd5 Nxd5 10. Ne3 0-0 11. 0-0 Nb6 12. Qc2 Be6 13. b3 Rc8 14. Bb2 h6 15. Rad1 Qe7 16. Rfe1 Rfd8 17. h3 Qd7 18. Kh2 f5 19. Nc4 Nxc4 20. dxc4 Qc7 21. Nh4 Kh7 22. Bd5 Qf7 23. Bxe6 Qxe6 24. Rxd8 Rxd8 25. Rd1 Rd6 26. Bc1 Qd7 27. Rxd6 Qxd6 28. Ng2 Ne7 29. Qd2 Qxd2 30. Bxd2 Nc6 31. Ne3 Kg8 32. Nd5 Kf7 33. Kg2 e4 34. f3 exf3+ 35. Kxf3 h5 36. Be1 Ne5+ 37. Ke2 g5 38. Ke3 Bh6 39. Ke2 Bf8 40. Bd2 Kg6 41. Be3 Bd6 42. Bd2 Nd7 43. Kf3 Nf6 44. Be1 Ne4 45. g4 hxg4+ 46. hxg4 Nf6 47. gxf5+ Kxf5 48. Ne3+ Ke6 49. Bf2 b6 50. Be1 Bf4 51. Bd2 Ke5 52. Be1 Bxe3 53. Kxe3 Ne4 54. Kf3 Kf5 55. Bg3 Nxg3 56. Kxg3 Ke4 57. Kg4 Kd3 58. Kxg5 Kxc3 59. Kf5 Kb2 0-1

[Event "Berlin-ch Seniors op 32nd"]
[Site "Berlin"]
[Date "2016.01.30"]
[Round "5"]
[White "Cichon, Joerg"]
[Black "Grunewald, Peter"]
[Result "1/2-1/2"]
[WhiteElo "1784"]
[BlackElo "1925"]
[PlyCount "40"]
[EventDate "2016.01.26"]
[EventType "swiss"]
[EventRounds "9"]
[EventCountry "GER"]
[SourceTitle "EXT 2019"]
[Source "ChessBase"]
[SourceDate "2018.10.10"]
[SourceVersion "1"]
[SourceVersionDate "2018.10.10"]
[SourceQuality "1"]

1. e4 c5 2. Nf3 d6 3. g3 Nf6 4. d3 Nc6 5. Bg2 Bd7 6. 0-0 Qc8 7. c3 Bg4 8. Qb3 h6 9. Be3 e5 10. Nbd2 Be7 11. Kh1 0-0 12. Ng1 Be6 13. Qd1 Ng4 14. h3 Nxe3 15. fxe3 Bg5 16. Qe2 Rb8 17. Kh2 b5 18. h4 Be7 19. Bh3 Bxh3 20. Nxh3 Qe6 1/2-1/2